Justicia social en época de pandemia : reflexiones desde lo andino /
-д хадгалсан:
| Бусад зохиолчид: | |
|---|---|
| Формат: | Цахим Цахим ном |
| Хэл сонгох: | испани |
| Хэвлэсэн: |
Cuenca, Ecuador :
Universidad del Azuay, Casa Editora,
[2021]
|
| Цуврал: | Homo (Universidad del Azuay, Casa Editora)
|
| Нөхцлүүд: | |
| Онлайн хандалт: | Digitalia Hispánica |
| Шошгууд: |
Шошго нэмэх
Шошго байхгүй, Энэхүү баримтыг шошголох эхний хүн болох!
|
MARC
| LEADER | 00000nam a2200000 i 4500 | ||
|---|---|---|---|
| 001 | DIGUAZUAY0120 | ||
| 003 | NyNyDIG | ||
| 007 | cr ||||||||||| | ||
| 008 | 251205s2021 ec abd ob 000 0 spa d | ||
| 006 | m o d | ||
| 035 | |a (OCoLC)1420744107 | ||
| 040 | |a DGITA |b eng |e rda |e pn |c DGITA | ||
| 020 | |a 9789942847034 |q eBook | ||
| 020 | |z 9789942847027 | ||
| 043 | |a s-ec--- |a s-ck--- |a s-bo--- |a s-pe--- | ||
| 050 | 1 | 4 | |a RA644.C67 ebook |
| 245 | 0 | 0 | |a Justicia social en época de pandemia : |b reflexiones desde lo andino / |c Claudia Storini [and 3 others], editores. |
| 264 | 1 | |a Cuenca, Ecuador : |b Universidad del Azuay, Casa Editora, |c [2021] | |
| 300 | |a 1 online resource : |b illustrations (some color), color maps, charts. | ||
| 336 | |a text |b txt |2 rdacontent | ||
| 337 | |a computer |b c |2 rdamedia | ||
| 338 | |a online resource |b cr |2 rdacarrier | ||
| 347 | |a text file |2 rdaft | ||
| 347 | |b PDF | ||
| 490 | 1 | |a Homo | |
| 504 | |a Includes bibliographical references. | ||
| 588 | 0 | |a Online resource; title from PDF title page (Digitalia, viewed December 5, 2025) | |
| 650 | 0 | |a COVID-19 Pandemic, 2020-2023 |x Social aspects |z Ecuador. | |
| 650 | 0 | |a COVID-19 Pandemic, 2020-2023 |x Social aspects |z Colombia. | |
| 650 | 0 | |a COVID-19 Pandemic, 2020-2023 |x Social aspects |z Bolivia. | |
| 650 | 0 | |a COVID-19 Pandemic, 2020-2023 |x Social aspects |z Peru. | |
| 650 | 0 | |a Social justice |z South America. | |
| 650 | 0 | |a Human rights |z South America. | |
| 700 | 1 | |a Storini, Claudia, |e editor. | |
| 791 | 2 | |a Digitalia (Firm), |e distributor. | |
| 793 | 0 | |g Digitalia eBook Collection: |a Universidad del Azuay | |
| 776 | 0 | 8 | |i Print version: |t Justicia social en época de pandemia. |d Cuenca, Ecuador : Universidad del Azuay, Casa Editora, [2021] |z 9789942847027 |
| 830 | 0 | |a Homo (Universidad del Azuay, Casa Editora) | |
| 856 | 4 | 0 | |3 Digitalia Hispánica |u https://digitalia.unach.elogim.com/a/133504/ |
| 910 | |a Premium collection: 2025 | ||